Civil service in India (Record no. 431677)

000 -LEADER
fixed length control field 00352cam a22001217a 4500
008 - FIXED-LENGTH DATA ELEMENTS--GENERAL INFORMATION
fixed length control field 180718b1958 xxu||||| |||| 00| 0 eng d
082 ## - DEWEY DECIMAL CLASSIFICATION NUMBER
Classification number K12x54 R812
100 ## - MAIN ENTRY--PERSONAL NAME
Personal name Roy, Naresh Chandra
245 ## - TITLE STATEMENT
Title Civil service in India
Statement of responsibility, etc. by Naresh Chandra Roy
260 ## - PUBLICATION, DISTRIBUTION, ETC.
Place of publication, distribution, etc. Calcutta
Name of publisher, distributor, etc. Firma K. L. Mukhopadhyay
Date of publication, distribution, etc. 1958
300 ## - PHYSICAL DESCRIPTION
Extent 328p.
650 ## - SUBJECT ADDED ENTRY--TOPICAL TERM
Topical term or geographic name entry element Civil service --India
Holdings
Withdrawn status Lost status Damaged status Not for loan Permanent Location Current Location Date acquired Full call number Barcode Date last seen Price effective from Koha item type
        Indian Institute of Public Administration Indian Institute of Public Administration 2010-01-20 K12x54 R812 13096 2018-07-21 2018-07-21 Book

Powered by Koha